Countries by their last letter and hint - Statistics

General Stats
  • This quiz has been taken 43 times
  • The average score is 12 of 15
Answer Stats
Hint Answer % Correct
Santiago is the capital E Chile
100%
Modern day Mesopotamia Q Iraq
98%
Palestine's Neighbour L Israel
98%
Land of the Inca's U Peru
98%
North African country invaded by France A Algeria
95%
Famous for their waffles M Belgium
93%
Land of the Maori people D New Zealand
93%
Above Nigeria R Niger
93%
Official languages are Turkish and Greek S Cyprus
90%
Neighbouring country is Germany K Denmark
88%
Country that gained independence in 2008 O Kosovo
85%
Has more than 800 languages spoken A Papua New Guinea
71%
First Christian country A Armenia
56%
Misr T Egypt
49%
Where the Garden of Eden is said to be A Ethiopia
37%
No matching quizzes found
Score Distribution
Percent of People with Each Score
Percentile by Number Answered
Your Score History
You have not taken this quiz